Statistics for Largest Solomon Islands

Click here to take the quiz!

General Stats

  • This quiz has been taken 39 times
    (37 since last reset)
  • The average score is 3 of 6

Answer Stats

Area (mi2) Answer % Correct
2,047Guadalcanal
73%
1,663Malaita
64%
786New Georgia
64%
1,158Santa Isabel
45%
1,147Choiseul
45%
255Rennell
36%

Score Distribution

Percentile by Number Answered

Percent of People with Each Score

Your Score History

You have not taken this quiz since the last reset